|
|
|
|
| LEADER |
01129nam a2200277 a 4500 |
| 001 |
29842 |
| 003 |
BD-DhAAL |
| 005 |
20150911020002.0 |
| 008 |
150824s2009 cau b 001 0 eng |
| 010 |
|
|
|a 2008037599
|
| 020 |
|
|
|a 9781412957014 (pbk.)
|
| 020 |
|
|
|a 141295701X (pbk.)
|
| 040 |
|
|
|a DLC
|c DLC
|d YDX
|d BTCTA
|d BAKER
|d YDXCP
|d LMR
|d DLC
|d BD-DhAAL
|
| 050 |
0 |
0 |
|a Z471
|b .B45 2009
|
| 082 |
0 |
0 |
|a 070.50973
|2 22
|
| 100 |
1 |
|
|a Belcher, Wendy Laura.
|9 14029
|
| 245 |
1 |
0 |
|a Writing your journal article in 12 weeks :
|b a guide to academic publishing success /
|c Wendy Laura Belcher.
|
| 246 |
3 |
|
|a Writing your journal article in twelve weeks
|
| 260 |
|
|
|a Thousand Oaks, Calif. :
|b SAGE Publications,
|c c2009.
|
| 300 |
|
|
|a xxi, 351 p. ;
|c 28 cm.
|
| 504 |
|
|
|a Includes bibliographical references (p. 321-340) and index.
|
| 541 |
|
|
|e 29842
|
| 650 |
|
0 |
|a Scholarly publishing
|z United States.
|9 14030
|
| 942 |
|
|
|2 ddc
|c BK
|0 1
|
| 999 |
|
|
|c 35313
|d 35313
|
| 952 |
|
|
|0 0
|1 0
|2 ddc
|4 0
|6 070_509730000000000_BEL
|7 0
|9 55508
|a BRACUL
|b BRACUL
|c GEN
|d 2015-08-24
|e Riza Enterprise
|g 6800.00
|l 7
|m 45
|o 070.50973 BEL
|p 3010029842
|r 2024-05-29
|s 2023-12-28
|t 1
|w 2015-08-24
|y BK
|